[Event "Berlin Lichtenberger op 9th"]
[Site "Berlin"]
[Date "2010.08.15"]
[Round "9"]
[White "Mitschke, Ullrich"]
[Black "Kasper, Peter"]
[Result "0-1"]
[WhiteElo "1429"]
[BlackElo "1846"]
[PlyCount "38"]
[EventDate "2010.08.07"]
[EventType "swiss"]
[EventRounds "9"]
[EventCountry "GER"]
[SourceTitle "CBM 137 Extra"]
[Source "ChessBase"]
[SourceDate "2010.09.01"]
[SourceVersion "1"]
[SourceVersionDate "2010.09.01"]
[SourceQuality "1"]

1. c4 e6 2. g3 d5 3. Bg2 c6 4. Qc2 Nf6 5. Nf3 Nbd7 6. b3 Bd6 7. Bb2 Qe7 8. d3 Rb8 9. d4 0-0 10. Ne5 dxc4 11. Nxc4 Bb4+ 12. Nbd2 c5 13. a3 Bxd2+ 14. Qxd2 Rd8 15. Qa5 a6 16. dxc5 Nxc5 17. Qb4 Nd5 18. Bxd5 exd5 19. Na5 Nd3+ 0-1

[Event "Berlin Lichtenberger op 9th"]
[Site "Berlin"]
[Date "2010.08.13"]
[Round "7"]
[White "Mitschke, Ullrich"]
[Black "Alvarez, Luis"]
[Result "0-1"]
[WhiteElo "1429"]
[BlackElo "1879"]
[PlyCount "72"]
[EventDate "2010.08.07"]
[EventType "swiss"]
[EventRounds "9"]
[EventCountry "GER"]
[SourceTitle "CBM 137 Extra"]
[Source "ChessBase"]
[SourceDate "2010.09.01"]
[SourceVersion "1"]
[SourceVersionDate "2010.09.01"]
[SourceQuality "1"]

1. c4 e6 2. g3 c6 3. Bg2 d5 4. b3 Be7 5. Bb2 Bf6 6. Qc2 Qb6 7. Nf3 dxc4 8. Bxf6 Nxf6 9. Qxc4 Nbd7 10. 0-0 0-0 11. d4 c5 12. e3 cxd4 13. Nxd4 a6 14. Nc3 Ne5 15. Qe2 Bd7 16. Rfc1 Rac8 17. Ne4 Nd5 18. h4 h6 19. g4 f5 20. gxf5 exf5 21. Nd2 Nc3 22. Qf1 Qf6 23. f4 Ng4 24. Qe1 Rfe8 25. Nf1 Ne4 26. Rxc8 Rxc8 27. Bxe4 fxe4 28. Nh2 Qg6 29. Qg3 h5 30. Rd1 Qf7 31. Kg2 Rc3 32. Nxg4 Bxg4 33. Re1 Qd5 34. Qf2 Qa5 35. Kg3 Qc5 36. Qb2 Qxd4 0-1

[Event "Berlin Lichtenberger op 9th"]
[Site "Berlin"]
[Date "2010.08.11"]
[Round "6"]
[White "Mitschke, Ullrich"]
[Black "Schneider, Eckehard"]
[Result "1/2-1/2"]
[WhiteElo "1429"]
[BlackElo "1762"]
[PlyCount "119"]
[EventDate "2010.08.07"]
[EventType "swiss"]
[EventRounds "9"]
[EventCountry "GER"]
[SourceTitle "CBM 137 Extra"]
[Source "ChessBase"]
[SourceDate "2010.09.01"]
[SourceVersion "1"]
[SourceVersionDate "2010.09.01"]
[SourceQuality "1"]

1. c4 c5 2. g3 Nc6 3. Bg2 g6 4. Nc3 Bg7 5. Rb1 Nf6 6. a3 a5 7. Nh3 0-0 8. Nf4 Re8 9. 0-0 d6 10. d3 e5 11. Nfd5 Nxd5 12. Nxd5 Rb8 13. b4 axb4 14. axb4 cxb4 15. Nxb4 Bd7 16. Nd5 Nd4 17. e3 Ne6 18. Ba3 Bc6 19. Qb3 Nc5 20. Bxc5 dxc5 21. Qb6 Qd6 22. e4 Bh6 23. Rfd1 Bg5 24. Rb5 Rec8 25. Rbb1 Bd8 26. Qb2 b5 27. cxb5 Rxb5 28. Qe2 Rcb8 29. Nc3 Rb4 30. Bf1 Qd4 31. Qd2 Kg7 32. Ne2 Qd7 33. Ra1 Be7 34. Qc3 Bd6 35. Ra3 Rb2 36. Rd2 Rb1 37. Raa2 Qh3 38. Nc1 Qd7 39. Rdb2 Qg4 40. Qc2 R1xb2 41. Rxb2 Bb5 42. Be2 Qd7 43. Nb3 Qc6 44. Nd2 Ba4 45. Qc3 Rb4 46. Nc4 Qc7 47. Kg2 Kf8 48. Ne3 Qb7 49. Nc4 Rxb2 50. Qxb2 Qxb2 51. Nxb2 Bb5 52. Nc4 Ke7 53. Kf3 f6 54. Ke3 Bc7 55. f4 exf4+ 56. gxf4 Ke6 57. h4 h6 58. h5 gxh5 59. f5+ Ke7 60. Bxh5 1/2-1/2